00822 2200277 4500001002100000005001500021020001800036035002400054040001200078082002000090084002400110090002400134100003000158245014500188250001100333260002900344300002900373500001100402504002600413650001500439700003000454850001200484990001600496990001600512990001600528YOGYA00000000009935920140823123828 a979-168-229-1 0010-101300000000240 aYOPDYOG 2[22]a170.95982 aNUS 170.95982 Suw E aNUS 170.95982 Suw E aSUWARDI ENDRASWARA, 1964- aEtika hidup orang JawabPedoman beretiket dalam menjalani kehidupan sehari-haricSuwardi Endraswara ; penyunting, Lilih Prilian Ari Pranowo. aCet.1. aYogyakartabNarasic2010 a269 hlm.c23 cm (3 eks.) aIndeks aBibliografi : hlm.264 aEtika Jawa aLilih Prilian Ari Pranowo aYOPDYOG a0367/B.2013 a0368/B.2013 a0369/B.2013